Делопроизводство. Документационное обеспечение управления на основе ГОСТ Р 6.30-2003: учебное пособие

Bibliographic Details
Main Author: Басаков М. И. Михаил Иванович
Summary:Исключено из фонда НТБ ТПУ
Language:Russian
Published: Москва, Дашков и К, 2009
Edition:7-е изд., перераб. и доп.
Format: MixedMaterials Book
KOHA link:https://koha.lib.tpu.ru/cgi-bin/koha/opac-detail.pl?biblionumber=158448

MARC

LEADER 00000nam0a2200000 4500
001 158448
005 20231031154429.0
010 |a 9785394001598 
035 |a (RuTPU)RU\TPU\book\171840 
035 |a RU\TPU\book\148322 
090 |a 158448 
100 |a 20061109d2009 m y0rusy50 ca 
101 0 |a rus 
102 |a RU 
105 |a a j 001zy 
200 1 |a Делопроизводство. Документационное обеспечение управления на основе ГОСТ Р 6.30-2003  |e учебное пособие  |f М. И. Басаков 
205 |a 7-е изд., перераб. и доп. 
210 |a Москва  |c Дашков и К  |d 2009 
215 |a 348 с.  |c ил. 
333 |a Исключено из фонда НТБ ТПУ 
700 1 |a Басаков  |b М. И.  |g Михаил Иванович 
801 1 |a RU  |b 63413507  |c 20090423  |g PSBO 
801 2 |a RU  |b 63413507  |c 20211012  |g PSBO 
942 |c BK 
959 |a 54/20090422  |d 2  |e 176,00  |f ЧЗГЛ:1  |f АНЛ:1